Psychological testing and assessment / (Record no. 343243)
[ view plain ]
| 000 -LEADER | |
|---|---|
| fixed length control field | 01422 a2200241 4500 |
| 020 ## - INTERNATIONAL STANDARD BOOK NUMBER | |
| International Standard Book Number | 007111260X |
| 020 ## - INTERNATIONAL STANDARD BOOK NUMBER | |
| International Standard Book Number | 9780071112604 |
| 082 04 - DEWEY DECIMAL CLASSIFICATION NUMBER | |
| Classification number | 150 |
| 090 ## - LOCALLY ASSIGNED LC-TYPE CALL NUMBER (OCLC); LOCAL CALL NUMBER (RLIN) | |
| -- | 690 |
| -- | 690 |
| 100 1# - MAIN ENTRY--PERSONAL NAME | |
| Personal name | Cohen, Ronald Jay. |
| 245 10 - TITLE STATEMENT | |
| Title | Psychological testing and assessment / |
| Statement of responsibility, etc. | Ronald Jay Cohen. |
| 250 ## - EDITION STATEMENT | |
| Edition statement | 6th ed. |
| 260 ## - PUBLICATION, DISTRIBUTION, ETC. | |
| Place of publication, distribution, etc. | [S.l.] : |
| Name of publisher, distributor, etc. | McGraw-Hill Education (ISE Editions), |
| Date of publication, distribution, etc. | 2004. |
| 300 ## - PHYSICAL DESCRIPTION | |
| Extent | 1 v. (unpaged) ; |
| Dimensions | 25 cm. |
| 500 ## - GENERAL NOTE | |
| General note | Paperback. |
| 520 ## - SUMMARY, ETC. | |
| Summary, etc. | This is a thoroughly updated revision of the most highly acclaimed and successful undergraduate measurement text in testing over the last fifteen years. "Psychological Testing and Assessment" examines the philosophical, historical, and methodological foundations of psychological testing, assessment, and measurement, while helping students appreciate their benefits and pitfalls in practice. The text's time-tested and trusted approach incorporates up-to-date research, insightful culture-related perspectives, engaging examples and illustrations, critical thinking questions, even humor to involve students and maintain interest. |
| 650 #4 - SUBJECT ADDED ENTRY--TOPICAL TERM | |
| Topical term or geographic name entry element | Psychology. |
| 650 #4 - SUBJECT ADDED ENTRY--TOPICAL TERM | |
| Topical term or geographic name entry element | Psychological testing & measurement. |
| 700 1# - ADDED ENTRY--PERSONAL NAME | |
| Personal name | Swerdlik, Mark. |
| 856 40 - ELECTRONIC LOCATION AND ACCESS | |
| Materials specified | Amazon.com |
| Uniform Resource Identifier | <a href="http://www.amazon.com/exec/obidos/ASIN/007111260X/chopaconline-20">http://www.amazon.com/exec/obidos/ASIN/007111260X/chopaconline-20</a> |
| 856 40 - ELECTRONIC LOCATION AND ACCESS | |
| Materials specified | Amazon customer reviews |
| Uniform Resource Identifier | <a href="http://www.chopac.org/cgi-bin/tools/azrev.pl?q=007111260X">http://www.chopac.org/cgi-bin/tools/azrev.pl?q=007111260X</a> |
| 942 ## - ADDED ENTRY ELEMENTS (KOHA) | |
| Institution code [OBSOLETE] | NBS |
| Koha item type | Book |
| Call number prefix | 150.287 COH |
| Withdrawn status | Lost status | Damaged status | Not for loan | Permanent Location | Current Location | Date acquired | Total Checkouts | Total Renewals | Full call number | Barcode | Date last seen | Date last checked out | Price effective from | Koha item type | Source of classification or shelving scheme | Collection code | Shelving location | Checked out |
|---|---|---|---|---|---|---|---|---|---|---|---|---|---|---|---|---|---|---|
| Central Library (CL) | Central Library (CL) | 08/28/2013 | 1 | 1 | 150.287 COH | NBS7670 | 02/18/2026 | 02/14/2024 | 08/28/2013 | Book | ||||||||
| Central Library (CL) | Central Library (CL) | 08/09/2018 | 2 | 3 | 150.287 COH 2004 | NBSD-3019 | 01/26/2026 | 01/26/2026 | 08/09/2018 | Book | General Stacks | 05/26/2026 |
